| 000 | 00674nam a22002057a 4500 | ||
|---|---|---|---|
| 003 | AM-YEHGA | ||
| 005 | 20250617163904.0 | ||
| 008 | 210810b ||||| |||| 00| 0 rus d | ||
| 040 | _aAM-YeHGA | ||
| 041 | 0 | _arus | |
| 100 | 1 | _aМедынский, Григорий Александрович. | |
| 245 | 1 | 0 |
_aЧесть : _bПовесть / _cГригорий Медынский |
| 260 |
_aМосква : _bСов. писатель, _c1962 |
||
| 300 |
_a503 с., _bил. |
||
| 653 | 0 | _aМолодежь в СССР (х. л.) | |
| 653 | 0 | _aПреступники - Перевоспитание (х. л.) | |
| 942 |
_2udc _cBK |
||
| 001 | 1785425 | ||
| 090 | _c518131 | ||
| 999 |
_c514606 _d514606 |
||